[Event "Niedersachsen-ch U16/18 Girls"]
[Site "Rotenburg/Wuemme"]
[Date "2007.04.01"]
[Round "2"]
[White "Loechtenboerger, Chantal"]
[Black "Boeer, Svenja"]
[Result "1/2-1/2"]
[WhiteElo "852"]
[BlackElo "786"]
[PlyCount "108"]
[EventDate "2007.03.31"]
[EventType "swiss"]
[EventRounds "9"]
[EventCountry "GER"]
[SourceTitle "EXT 2008"]
[Source "ChessBase"]
[SourceDate "2007.11.25"]
[SourceVersion "1"]
[SourceVersionDate "2007.11.25"]
[SourceQuality "1"]

1. c4 c5 2. Nc3 Nf6 3. Nf3 Nc6 4. g3 e6 5. Bg2 Be7 6. 0-0 0-0 7. b3 d5 8. cxd5 exd5 9. d4 Nxd4 10. Nxd4 cxd4 11. Qxd4 Bg4 12. h3 Be6 13. Bg5 Qb6 14. Qxb6 axb6 15. Rad1 Rfd8 16. Bxf6 Bxf6 17. Nxd5 Bxd5 18. Bxd5 Rxa2 19. Bxb7 Rxd1 20. Rxd1 Rxe2 21. Rc1 h6 22. Ba6 Ra2 23. Rc4 Bd4 24. Rc6 Bxf2+ 25. Kf1 f6 26. Be2 Bxg3 27. Rxb6 Bc7 28. Rb7 Bd6 29. Rd7 Bb4 30. Rb7 Bc3 31. b4 g5 32. b5 Rb2 33. Kf2 Bd4+ 34. Kf3 f5 35. Bc4+ Kf8 36. Rf7+ Ke8 37. Rxf5 Rf2+ 38. Ke4 Rxf5 39. Kxf5 Kd7 40. Kg6 Be3 41. Kxh6 Kd6 42. Kh5 Kc5 43. Be2 Kb4 44. Kg4 Kc5 45. Kf3 Bc1 46. Ke4 Kb6 47. Kd5 Ka5 48. Kc6 Be3 49. Kb7 Bg1 50. Bf1 Be3 51. Kc6 Bf2 52. Kd6 Bg3+ 53. Ke6 Bf2 54. Kf6 Be3 1/2-1/2

[Event "Niedersachsen-ch U16/18 Girls"]
[Site "Rotenburg/Wuemme"]
[Date "2007.03.31"]
[Round "1"]
[White "Henseler, Jasmin"]
[Black "Loechtenboerger, Chantal"]
[Result "1-0"]
[WhiteElo "1393"]
[BlackElo "852"]
[PlyCount "113"]
[EventDate "2007.03.31"]
[EventType "swiss"]
[EventRounds "9"]
[EventCountry "GER"]
[SourceTitle "EXT 2008"]
[Source "ChessBase"]
[SourceDate "2007.11.25"]
[SourceVersion "1"]
[SourceVersionDate "2007.11.25"]
[SourceQuality "1"]

1. e4 c6 2. f4 d5 3. Nc3 Nf6 4. e5 Nfd7 5. Nf3 Nb6 6. g3 Bf5 7. Bg2 e6 8. Nh4 Bb4 9. Nxf5 Bxc3 10. Nxg7+ Kf8 11. Nxe6+ fxe6 12. bxc3 h5 13. Ba3+ Ke8 14. Rb1 Nc4 15. Bb4 h4 16. g4 Rf8 17. Bxf8 Kxf8 18. Rxb7 d4 19. d3 Na3 20. Qc1 Nb5 21. c4 Nc3 22. Qa3+ Kg8 23. Rxa7 Rxa7 24. Qxa7 Nd7 25. Bxc6 Nf8 26. f5 Qg5 27. Qxd4 Qc1+ 28. Kf2 Qxc2+ 29. Kf3 h3 30. Qf2 Qxd3+ 31. Qe3 Qxc4 32. Qg5+ Kh8 33. Qh5+ Kg8 34. Qe8 Qe2+ 35. Kg3 Qxe5+ 36. Kxh3 Qe3+ 37. Kh4 Qh6+ 38. Qh5 Qf6+ 39. Qg5+ Kf7 40. fxe6+ Nxe6 41. Qxf6+ Kxf6 42. a4 Ne2 43. a5 N2d4 44. Bd5 Nc5 45. g5+ Kg7 46. Rf1 Nb5 47. Rf7+ Kh8 48. g6 Kg8 49. Rc7+ Kh8 50. Rxc5 Kg7 51. Rxb5 Kxg6 52. a6 Kf6 53. a7 Ke7 54. a8Q Kd6 55. Qc6+ Ke7 56. Rb7+ Kd8 57. Qd7# 1-0

[Event "Niedersachsen-ch U16/18 Girls"]
[Site "Rotenburg/Wuemme"]
[Date "2006.04.12"]
[Round "6"]
[White "Kuehlke, Karen"]
[Black "Loechtenboerger, Chantal"]
[Result "1/2-1/2"]
[WhiteElo "1120"]
[BlackElo "803"]
[PlyCount "30"]
[EventDate "2006.04.08"]
[EventType "swiss"]
[EventRounds "9"]
[EventCountry "GER"]
[SourceTitle "EXT 2007"]
[Source "ChessBase"]
[SourceDate "2006.11.23"]
[SourceVersion "1"]
[SourceVersionDate "2006.11.23"]
[SourceQuality "1"]

1. e4 c6 2. d4 d5 3. exd5 cxd5 4. Bd3 g6 5. c3 Nf6 6. Bf4 Bg7 7. Nd2 Nc6 8. Ngf3 Nd7 9. Qb3 Nf6 10. 0-0 Nh5 11. Bg3 Nxg3 12. hxg3 0-0 13. Rfe1 f6 14. Re3 e5 15. dxe5 fxe5 1/2-1/2